1298 1825 1342 1056 1623 1022 1515 1039 1118 1439 1475 1214 1364 1784 1754 1939 1277 1753 1705 1213 1477 1138 1100 1801 1387 1084 1039 1174 1712 1265 1453 1517 1967 1349 1079 2000 1800 1548 1317 1120 1588 1568 1503 1030 1700 1680 1499 1884 1467 1137 1796 1102 1275 1496 1999 1297 1820 1214 1607 1538 1541 1460 1415 1506 1576 1428 1780 1968 1180 1649 1078 1766 1811 1221 1225 1724 1978 1807 1527 1274 1956 1476 1232 1791 1907 1591 1385 1885 1337 1614 1865 1329 1523 1235 1450 1153 1212 1141 1072 BCNSPRNW ULIB Ver.6.0+V

เปลี่ยนเป็นภาษาไทย

Change to English
 แสดงรายละเอียดบรรณานุกรม
  กลับหน้าหลัก

Brief Record : Get Marc (ISO 2709) : E-mail record : QR code < ปิดหน้าต่าง
LEADER : 00000nam 2200000uu 4500
001    13399128933
003     ULIB
008    241030s2021||||th 000 0 tha d
020 ^  ^a9786162716683 : ^c720 bath
060 ^  ^aWB105^bE53
245 1  ^aEmergency and Disaster Management in Thailand /^cPrasit Wuthisuthimethawee,Amir Khorran-Manesh.
260 ^  ^aSongkhla :^bDepartment of Emergency Medicine, Prince of Songkla University,^c2021.
300 ^  ^a322 p. :^bill.,tables
650 ^  ^aCritical care^vHandbooks, manuals, etc.
650 ^  ^aCritical Care^xHandbooks.
650 ^  ^aEmergency medical services.
650 ^  ^aEmergency medicine.
700 0  ^aAmir khorram-manesh.
700 0  ^aPrasit wuthisuthimethawee.
945    ^p720^l0^i011183
945    ^p720^l0^i011184
945    ^p720^l0^i011185
945    ^p720^l0^i011186
945    ^p720^l0^i011187
999    ^aประนอม เกษจรัล
รายการนี้ยังไม่มีแท็ก
คุณยังไม่ได้ล็อกอิน คุณสามารถมีกิจกรรมร่วมกับเว็บไซต์ได้ แต่ต้องล็อกอินก่อน ::
  ล็อกอิน

รายการสื่อสารสนเทศ

ลำดับที่ ประเภท เลขเรียก/บาร์โค้ด สถานที่ สถานะ
1. วิทยาศาสตร์การแพทย์ และสุขภาพ
หนังสือสำรอง
สถานะ=หนังสือสำรอง
WB105 E53 ฉ.1 
  Barcode: 011183
ห้องสมุดวิทยาเขตสวรรค์ประชารักษ์
►หนังสือทั่วไป
บนชั้น
2. วิทยาศาสตร์การแพทย์ และสุขภาพ
วิทยาศาสตร์การแพทย์ และสุขภาพ
WB105 E53 ฉ.2 
  Barcode: 011184
ห้องสมุดวิทยาเขตสวรรค์ประชารักษ์
►หนังสือทั่วไป
บนชั้น
3. วิทยาศาสตร์การแพทย์ และสุขภาพ
วิทยาศาสตร์การแพทย์ และสุขภาพ
WB105 E53 ฉ.3 
  Barcode: 011185
ห้องสมุดวิทยาเขตสวรรค์ประชารักษ์
►หนังสือทั่วไป
บนชั้น
4. วิทยาศาสตร์การแพทย์ และสุขภาพ
วิทยาศาสตร์การแพทย์ และสุขภาพ
WB105 E53 ฉ.4 
  Barcode: 011186
ห้องสมุดวิทยาเขตสวรรค์ประชารักษ์
►หนังสือทั่วไป
บนชั้น
5. วิทยาศาสตร์การแพทย์ และสุขภาพ
วิทยาศาสตร์การแพทย์ และสุขภาพ
WB105 E53 ฉ.5 
  Barcode: 011187
ห้องสมุดวิทยาเขตสวรรค์ประชารักษ์
►หนังสือทั่วไป
บนชั้น

รายการใกล้เคียง
    หัวเรื่อง [Emergency medical services.]
    หัวเรื่อง [Emergency medicine.]

BibComment


ยังไม่เคยถูกคอมเมนท์

คอมเมนท์ทรัพยากรรายการนี้
  คอมเมนท์: Emergency and Di..


 Copyright 2026. Bcnsprnw @Library